[Event "Curitiba IRT 74 Aniversario CC"]
[Site "Curitiba"]
[Date "2011.11.27"]
[Round "5"]
[White "Caetano, Hugo Zanotti Mendon"]
[Black "Peruzzo, Josnei Francisco"]
[Result "1-0"]
[WhiteElo "2017"]
[BlackElo "1899"]
[PlyCount "59"]
[EventDate "2011.11.25"]
[EventType "swiss"]
[EventRounds "6"]
[EventCountry "BRA"]
[SourceTitle "EXT 2022"]
[Source "ChessBase"]
[SourceDate "2021.10.06"]
[SourceVersion "1"]
[SourceVersionDate "2021.10.06"]
[SourceQuality "1"]

1. d4 g6 2. c4 Bg7 3. Nc3 c5 4. d5 Bxc3+ 5. bxc3 f5 6. Qc2 Qa5 7. f3 Nf6 8. Bd2 d6 9. e4 fxe4 10. fxe4 Nbd7 11. Nf3 Nb6 12. Bd3 e5 13. 0-0 Bd7 14. Nxe5 dxe5 15. Rxf6 0-0-0 16. Bg5 Rdf8 17. Raf1 Rxf6 18. Bxf6 Re8 19. Bg5 Na4 20. Bd2 h5 21. Rf6 Rg8 22. Rf7 Qd8 23. Qb1 g5 24. Bc2 Nb6 25. Qf1 Be8 26. Rf8 Rg7 27. Qf5+ Nd7 28. Ba4 Qe7 29. Bxd7+ Qxd7 30. Rxe8+ 1-0

[Event "Curitiba IRT 74 Aniversario CC"]
[Site "Curitiba"]
[Date "2011.11.25"]
[Round "2"]
[White "Peruzzo, Josnei Francisco"]
[Black "Chemin, Justo Reinaldo"]
[Result "0-1"]
[WhiteElo "1899"]
[BlackElo "2184"]
[PlyCount "84"]
[EventDate "2011.11.25"]
[EventType "swiss"]
[EventRounds "6"]
[EventCountry "BRA"]
[SourceTitle "EXT 2022"]
[Source "ChessBase"]
[SourceDate "2021.10.06"]
[SourceVersion "1"]
[SourceVersionDate "2021.10.06"]
[SourceQuality "1"]

1. Nf3 d5 2. d4 c6 3. e3 Nf6 4. c4 e6 5. Nbd2 Nbd7 6. b3 Bd6 7. Bb2 0-0 8. Bd3 c5 9. 0-0 b6 10. Ne5 Bb7 11. f4 cxd4 12. exd4 Ne4 13. Bxe4 dxe4 14. Qe1 f5 15. Qg3 Rf6 16. Rf2 Nxe5 17. fxe5 Rg6 18. Qc3 Be7 19. Rd1 Bg5 20. Nf1 f4 21. d5 e3 22. Re2 exd5 23. cxd5 Rc8 24. Qd3 Rc5 25. d6 Bh4 26. Nxe3 fxe3 27. Qxe3 Bg5 28. Qh3 Bd5 29. b4 Be6 30. Qa3 Rc8 31. Rde1 Qd7 32. Qd3 Bc4 33. Qe4 Bxe2 34. Qxe2 Re6 35. Qg4 Bd2 36. Rf1 Bc3 37. Bxc3 Rxc3 38. Qf5 Rc8 39. h4 Rce8 40. Rc1 Rxd6 41. Qh5 Rde6 42. Qg5 Qe7 0-1

[Event "Curitiba-ch IRT 3rd"]
[Site "Curitiba"]
[Date "2011.04.03"]
[Round "5"]
[White "Peruzzo, Josnei Francisco"]
[Black "Souza, Adwilhans Luciano"]
[Result "0-1"]
[WhiteElo "1898"]
[BlackElo "2339"]
[PlyCount "76"]
[EventDate "2011.04.01"]
[EventType "swiss"]
[EventRounds "6"]
[EventCountry "BRA"]
[SourceTitle "EXT 2022"]
[Source "ChessBase"]
[SourceDate "2021.10.06"]
[SourceVersion "1"]
[SourceVersionDate "2021.10.06"]
[SourceQuality "1"]

1. Nf3 d5 2. d4 Nf6 3. e3 g6 4. Nbd2 Bg7 5. Be2 0-0 6. b3 c5 7. Bb2 cxd4 8. exd4 Nc6 9. Ne5 Qb6 10. c3 Nxe5 11. dxe5 Nd7 12. Nf3 e6 13. c4 dxc4 14. Bxc4 Nxe5 15. Nxe5 Bxe5 16. Qe2 Qa5+ 17. Kf1 Bxb2 18. Qxb2 Bd7 19. a4 Bc6 20. h4 Rfd8 21. b4 Qf5 22. Be2 h5 23. Rh3 Rac8 24. Rg3 Qf4 25. Bd3 Rd4 26. b5 Bd5 27. Qb1 Rc3 28. Kg1 Qxh4 29. Rh3 Qg5 30. Rg3 Qd2 31. Bf1 Rxg3 32. fxg3 Qe3+ 33. Kh2 h4 34. Qe1 hxg3+ 35. Qxg3 Qh6+ 36. Kg1 Rh4 37. Ra3 Rh1+ 38. Kf2 Qd2+ 0-1

[Event "Curitiba Jabur Memorial op"]
[Site "Curitiba"]
[Date "2010.12.??"]
[Round "6"]
[White "Peruzzo, Josnei Francisco"]
[Black "Cardoso Pimenta, Ciro Jose"]
[Result "1/2-1/2"]
[WhiteElo "1879"]
[BlackElo "2058"]
[PlyCount "115"]
[EventDate "2010.12.??"]
[EventType "swiss"]
[EventRounds "6"]
[EventCountry "BRA"]
[SourceTitle "CBM 140 Extra"]
[Source "ChessBase"]
[SourceDate "2011.03.01"]
[SourceVersion "1"]
[SourceVersionDate "2011.03.01"]
[SourceQuality "1"]

1. Nf3 Nf6 2. d4 e6 3. e3 b6 4. Bd3 Bb7 5. 0-0 Be7 6. b3 0-0 7. Bb2 c5 8. Nbd2 d5 9. Ne5 Nc6 10. Qf3 Nb4 11. Qh3 Nxd3 12. cxd3 Nd7 13. f4 f5 14. Ndf3 Nxe5 15. Nxe5 Bf6 16. Rf2 Rc8 17. g4 Bxe5 18. fxe5 fxg4 19. Rxf8+ Qxf8 20. Qxg4 Qf5 21. Qxf5 exf5 22. Rc1 cxd4 23. Rxc8+ Bxc8 24. Bxd4 Ba6 25. Kf2 Bxd3 26. b4 g5 27. Kg3 Kf7 28. a3 Bb5 29. Bc3 Ke7 30. Kf2 h5 31. Kg3 h4+ 32. Kf3 Bd7 33. Be1 Ke6 34. Bc3 g4+ 35. Kf4 g3 36. hxg3 h3 37. Kf3 Bc6 38. Bd4 Kf7 39. Kf2 Kg6 40. Kg1 Kg5 41. Kh2 Kg4 42. Bc3 b5 43. Bd4 a6 44. Bc3 Bd7 45. Bd4 Kf3 46. Bc5 Be6 47. Bd4 Ke4 48. Kh1 Kd3 49. Kh2 Kd2 50. Kh1 Kc2 51. Kh2 f4 52. gxf4 Kb3 53. Bb6 Kxa3 54. Ba5 Kb3 55. Kg3 Kc4 56. Kh2 Kc3 57. Kg3 Kd2 58. Bb6 1/2-1/2